Comic Strip Dogs Quiz Stats

 Plays Quiz Updated Jun 8, 2015

Challenge
Share
Tweet
Score 0/16 Timer 04:00
4 Plays Today
Image Comic Strip % Correct
Peanuts (Snoopy)
98.3%
Garfield (Odie)
91.1%
Marmaduke (Marmaduke)
71%
Dilbert (Dogbert)
62.8%
Beetle Bailey (Otto)
49.6%
Blondie (Daisy)
43.9%
Hagar the Horrible (Snert)
38.2%
Dennis The Menace (Ruff)
37.2%
Image Comic Strip % Correct
Tintin (Snowy)
30.5%
Little Orphan Annie (Sandy)
27.8%
The Family Circus (Barfy)
27.4%
Mother Goose and Grimm (Grimm)
26.4%
Footrot Flats (The Dog)
24.6%
For Better or For Worse (Farley)
18.6%
Fred Basset (Fred)
15.4%
Get Fuzzy (Satchel Pooch)
15.2%

You're not logged in!

Compare scores with friends on all Sporcle quizzes.
Join for Free
OR
Log In

You Might Also Like...

Show Comments

Extras

Top Quizzes Today


Score Distribution

Your Account Isn't Verified!

In order to create a playlist on Sporcle, you need to verify the email address you used during registration. Go to your Sporcle Settings to finish the process.

Report this User

Report this user for behavior that violates our Community Guidelines.

Details: